María Teresa Hincapié : (Registro nro. 20344)

Detalles MARC
000 -CABECERA
Campo de control 01285cam a2200313 i 4500
005 - FECHA Y HORA DE LA ULTIMA TRANSACCION
Campo de control 20181022144927.0
008 - ELEMENTOS DE LONGITUD FIJA—INFORMACION GENERAL
Campo de control 170126t20172017ck ao r 000 0 spa d
020 ## - ISBN
ISBN 9789585632929 (Colección)
020 ## - ISBN
ISBN 9789585632950 (Hacia lo sagrado)
040 ## - FUENTE DE CATALOGACIÓN
Agencia catalogadora original CO-BoPUJ
Agencia transcriptora CO-BoPUJ
Agencia Modificadora CO-BoIAVH
041 0# - IDIOMA
Código de idioma para texto/pista de sonido o título separado Español
044 ## - PAÍS DE PUBLICACIÓN
País de publicación Colombia
082 04 - NUMERO DE CLASIFICACION DECIMAL DEWEY
Número de clasificación 709.8
Número del ítem A71j2
245 10 - MENCION DE TITULO
Título María Teresa Hincapié :
Parte restante del título Hacia lo sagrado /
Mención de responsabilidad dirección editorial José Roca y Sylvia Suárez
246 30 - FORMA VARIANTE DEL TITULO
Título propiamente dicho/forma breve del título Hacia lo sagrado
250 ## - MENCION DE EDICION
Mención de edición Primera edición.
260 ## - PUBLICACION, DISTRIBUCION, ETC. (PIE DE IMPRENTA)
Lugar de publicación, distribución, etc. Bogotá (Colombia) :
Nombre del editor, distribuidor, etc. Seguros Bolívar,
Fecha de publicación, distribución, etc. 2017.
300 ## - DESCRIPCION FISICA
Extensión 112 páginas :
Otros detalles físicos ilustraciones y fotografías ;
Dimensiones 29 x 25 cm
490 0# - MENCION DE SERIE
Mención de serie Colección de Arte Contemporáneo Seguros Bolívar
504 ## - NOTA DE BIBLIOGRAFIA, ETC.
Nota de bibliografía Incluye referencias bibliográficas.
600 14 - ASIENTO SECUNDARIO DE MATERIA - NOMBRE PERSONAL
Nombre persona Hincapié Ochoa, María Teresa
Fechas asociadas con el nombre 1954-2008
Subdivisión general Crítica e interpretación
9 (RLIN) 101389
650 24 - ASIENTO SECUNDARIO DE MATERIA - TERMINO TEMATICO
Término temático o nombre geográfico como elemento de entrada Arte colombiano
Subdivisión de forma Exposiciones
9 (RLIN) 101369
650 24 - ASIENTO SECUNDARIO DE MATERIA - TERMINO TEMATICO
Término temático o nombre geográfico como elemento de entrada Arte conceptual
Subdivisión de forma Exposiciones
9 (RLIN) 101376
650 26 - ASIENTO SECUNDARIO DE MATERIA - TERMINO TEMATICO
Término temático o nombre geográfico como elemento de entrada Artistas plásticos colombianos
Subdivisión de forma Exposiciones
9 (RLIN) 101370
700 1# - ASIENTO SECUNDARIO - NOMBRE PERSONAL
Nombre personal Roca, José Ignacio
Término de relación editor
9 (RLIN) 101371
700 1# - ASIENTO SECUNDARIO - NOMBRE PERSONAL
Nombre personal Suárez Segura, Sylvia Juliana
Fechas asociadas con el nombre 1981-
Término de relación editora
9 (RLIN) 101386
700 1# - ASIENTO SECUNDARIO - NOMBRE PERSONAL
Nombre personal Hincapié Ochoa, María Teresa
Fechas asociadas con el nombre 1954-2008
Término de relación ilustradora
9 (RLIN) 101389
942 ## - ELEMENTOS ADICIONALES (KOHA)
Sistema de clasificación Dewey Decimal Classification
Tipo de ítem Libro
Existencias
Withdrawn status Lost status Sistema de Clasificación Damaged status No para préstamo Colección Inventariado Ubicación Permanente Ubicación actual Fecha de adquisición Total Checkouts Número topográfico Inventario / Código de Barras Date last seen Ejemplar Price effective from Forma de adquisición Tipo de material
    Dewey Decimal Classification     General Inventariado 2018 Bogotá Bogotá 22/10/2018   LB-709.8 A71j2 030360 22/10/2018 Ej. 1 22/10/2018 Donación Libro